00840cam a2200253 a 450000100100000000500170001000800410002702000150006804000230008308200180010610000390012424500520016326000410021530000280025649000240028465000300030865000310033883000310036991000340040091000070043404900090044195201210045099900150057100000767420200929154246.0910318s1990 sp a 000 f spa d a8439716729 aDO-SdBNPcDLCdDLC a863.6bA973ja1 aAyala, Francisco,d1906-20099472613aEl jardín de las delicias /cFrancisco Ayala. aMadrid :bMondadori España,c1990. a247 p. :bil. ;c22 cm.1 aNarrativa Mondadori 4aCuentos españoles93194 4aLiteratura española9632 0aNarrativa Mondadori921246 aCatalogación por copia / LC aWM aBNGR 001054708MOaGRbGRcHDd2009-09-09iLF1l0o863.6 A973jap7674-10r2020-06-25w2020-06-25y4ZPréstamo en sala c7454d7454